Evropská unie - zaměstnanci v České republice a zdravotní pojištění po 1.1.2007
Nariadenie Rady EHS č. 1408/71 a 574/72. Postup zamestnávateľa so sídlom v krajine EÚ pri zamestnávaní v ČR. Základné povinnosti zamestnávateľov, riadenie sa platnou českou legislatívou. Zamestnávanie občanov z krajín EÚ v Českej republike. Kódy používane zamestnávateľom. Pravidlá pre osobu zamestna...
Enregistré dans:
| Auteur principal: | |
|---|---|
| Format: | Chapitre de livre |
| Langue: | tchèque |
| Sujets: | |
| Tags: |
Pas de tags, Soyez le premier à ajouter un tag!
|
MARC
| LEADER | 00000naa$a2200000$$$4500 | ||
|---|---|---|---|
| 001 | 0059138 | ||
| 005 | 20230925090534.9 | ||
| 041 | 0 | |a cze | |
| 044 | |a CZ | ||
| 245 | 1 | 0 | |a Evropská unie - zaměstnanci v České republice a zdravotní pojištění po 1.1.2007 |c Antonín Daněk |
| 520 | |a Nariadenie Rady EHS č. 1408/71 a 574/72. Postup zamestnávateľa so sídlom v krajine EÚ pri zamestnávaní v ČR. Základné povinnosti zamestnávateľov, riadenie sa platnou českou legislatívou. Zamestnávanie občanov z krajín EÚ v Českej republike. Kódy používane zamestnávateľom. Pravidlá pre osobu zamestnanú na území dvoch štátov. | ||
| 610 | 2 | 0 | |a Európska únia |
| 610 | 2 | 0 | |a Česko |
| 610 | 2 | 0 | |a legislatíva |
| 610 | 2 | 0 | |a zamestnanci |
| 610 | 2 | 0 | |a poistenie zdravotné |
| 100 | 1 | |a Daněk, Antonín | |